000 00289nam a22001337a 4500
008 180920b xxu||||| |||| 00| 0 eng d
020 _a9781561341252
041 _aeng
080 _25th
_a574
100 _a9
101 _aMJE
245 _aTaking Sides
_cGoldfarb,Th.D
942 _2udc
_cBK
999 _c48112
_d48112